000 00536nam a2200169Ia 4500
003 OSt
005 20200515121827.0
008 190216s9999||||xx |||||||||||||| ||und||
040 _coclc
082 _a909.097671
_bBUK/H
100 _aBukhsh, S Khuda
_92340
245 2 _aA History Of The Islamic Peoples /
_c S Khuda Bukhsh
260 _bIdarah-1 Adabiyat-1,
_c1983.
_aDelhi:
300 _a170p
650 0 _aHistory & geography
_92271
_vIslamic History
942 _cBK
_2ddc
_h909.097671
_iBUK/H
_k909.097671
_mBUK/H
999 _c22310
_d22310